000 00760nam a2200241 a 4500
001 BRCA_863
005 20190320203201.0
008 850419s1989 enka---##b---#001-0#eng-#
020 _a0517689103
040 _aDLC
_cDLC
_dDLC
050 4 _aNK5106
_b.K54 1989
100 1 _aKlein, Dan
_92276
245 1 0 _aThe History of Glass
_cgeneral editors Dan Klein and Ward Lloyd ; foreword by Robert Charleston.
260 _aNueva York
_bCrecent Books
_c1989
300 _a288 p.
_bil. (algunas a color)
_c30 cm.
500 _aIncluye glosario e índice de ilustraciones
504 _aBibliografía : p. 275-276
650 1 4 _aCristalería
_xHistoria
_9686
653 0 _aVidrio
700 1 _aLloyd, Ward
_92879
700 1 _aCharleston, Robert
_92880
942 _2lcc
_cB
999 _c758
_d758